Top 500 Universities in the United States - Statistics

General Stats
  • This quiz has been taken 1,316 times
  • The average score is 136 of 500
Answer Stats
State Answer % Correct
MA Harvard
90%
CT Yale
90%
CA California
89%
PA Penn
88%
DC George Washington
86%
TX Texas
86%
CA UCLA
86%
WA Washington
84%
FL Florida
83%
RI Brown
82%
AR John Brown
82%
MI Michigan
82%
NJ Princeton
81%
GA Georgia
80%
VA Virginia
79%
IL Illinois
78%
MA MIT
78%
OH Ohio
78%
NY Columbia
77%
CA Stanford
77%
NC North Carolina
76%
AL Alabama
75%
IN Indiana
75%
KS Kansas
75%
OR Oregon
75%
CA USC
75%
AZ Arizona
74%
IL Chicago
73%
CO Colorado
73%
FL Miami
73%
NC Duke
72%
ND Mary
72%
MO Missouri
72%
OK Oklahoma
72%
IA Iowa
71%
MN Minnesota
71%
MS Mississippi
71%
TN Tennessee
71%
NH Dartmouth
70%
NY NYU
70%
PA Penn State
70%
WI Wisconsin
70%
DC Georgetown
69%
TX UT Arlington
69%
NY Cornell
68%
GA Georgia Tech
67%
MD Maryland
67%
WA Northwest
67%
TN Vanderbilt
67%
CT Connecticut
66%
FL Florida State
66%
PA Pittsburgh
66%
TX Texas A&M
66%
ID Idaho
65%
OH Ohio State
65%
AK Arkansas
64%
KY Kentucky
64%
MA Massachusetts
64%
MI Michigan State
64%
NE Nebraska
64%
NM New Mexico
64%
SC South Carolina
64%
TX Houston
63%
NV Nevada
63%
TX Rice
63%
VT Vermont
63%
MA Boston College
62%
CA CalTech
62%
LA Louisiana State
62%
AZ Arizona State
61%
KS Kansas State
61%
WY Wyoming
61%
HI Hawaii
60%
IA Iowa State
60%
OR Oregon State
60%
IN Purdue
60%
NJ Rutgers
60%
CA San Diego
60%
LA UL Lafayette
60%
UT Utah
60%
VA Virginia Tech
60%
MA Boston University
59%
IL Northwestern
59%
SD South Dakota
59%
NY Syracuse
59%
NC NC State
58%
IN Notre Dame
58%
OK Oklahoma State
58%
RI Rhode Island
58%
AL Auburn
57%
NY Buffalo
57%
MD Johns Hopkins
57%
WA Washington State
57%
LA Tulane
56%
UT BYU
55%
CO Colorado State
55%
CA San Francisco
55%
WV West Virginia
55%
TX Texas Tech
54%
CA UC San Diego
54%
NH New Hampshire
53%
ND North Dakota
53%
MA Northeastern
53%
MO St. Louis
53%
AK Alaska
52%
TX Baylor
51%
CA UC Davis
51%
CA UC Santa Barbara
51%
OH Cincinnati
50%
SC Clemson
50%
CO Denver
49%
GA Emory
49%
MS Mississippi State
49%
OR Portland
49%
WA Seattle
49%
MT Montana State
48%
PA Temple
48%
CA UC Irvine
48%
NC Wake Forest
48%
NY Albany
47%
PA Carnegie Mellon
47%
FL South Florida
47%
TX Texas State
47%
VA William & Mary
47%
DC American
46%
KY Louisville
46%
NY Rochester
46%
PA Villanova
46%
MO Missouri S&T
45%
NM New Mexico State
45%
CA San Diego State
45%
OK Tulsa
45%
UT Utah State
45%
FL Central Florida
44%
FL Jacksonville
44%
VA James Madison
44%
TX Stephen F. Austin
44%
RI Providence
43%
VA Richmond
43%
TX SMU
43%
SD South Dakota State
43%
MA Tufts
42%
DC Howard
41%
TN Memphis
41%
ID Boise State
40%
WA Gonzaga
39%
PA Lehigh
39%
CA UC Riverside
39%
MA Amherst
38%
FL Florida International
38%
ND North Dakota State
38%
CA Pepperdine
38%
NY Binghamton
37%
CA Cal Poly
37%
TX Dallas
37%
OH Dayton
37%
PA Drexel
37%
PA Lafayette
36%
TX TCU
36%
NY Fordham
35%
NC UNC Charlotte
35%
VA Liberty
34%
MO Washington University
34%
NY Colgate
33%
NC Davidson
33%
CA Pomona
33%
NE Saint Mary
33%
MA Williams
32%
OH Case Western
31%
WV Charleston
31%
IA Drake
31%
CA Santa Clara
31%
ME Bowdoin
30%
CA Loyola Marymount
30%
NY Stony Brook
30%
CA UC Santa Cruz
30%
OH Bowling Green
29%
IL Loyola Chicago
29%
WI Marquette
29%
NJ NJIT
29%
NY | PA St. Joseph's
29%
LA Louisiana Tech
28%
CT Wesleyan
28%
IN Butler
27%
VA George Mason
27%
NC Appalachian State
26%
MA Brandeis
26%
IL DePaul
26%
MN | TX St. Thomas
26%
PA Swarthmore
26%
MD UMBC
26%
MI Central Michigan
25%
MA Smith
25%
TN Tennessee Tech
25%
NE Creighton
24%
FL Florida Atlantic
24%
NY Hamilton
24%
TX North Texas
24%
NY RIT
24%
CT | TX Trinity
24%
VA Virginia Commonwealth
24%
MA Clark
23%
CT Fairfield
23%
FL Florida A&M
23%
AZ Grand Canyon
23%
WV Marshall
23%
NY RPI
23%
PA Thomas Jefferson
23%
AL UAB
23%
MA Wellesley
23%
ME Colby
22%
NC East Carolina
22%
PA Haverford
22%
OH Oberlin
22%
CA Pacific
22%
CA UC Merced
22%
NY Yeshiva
22%
MD Baltimore
21%
CA Claremont McKenna
21%
IN Evansville
21%
NY Manhattan
21%
NV Nevada State
21%
AL South Alabama
21%
AL Troy
21%
IL UI Chicago
21%
GA Augusta
20%
ME Bates
20%
PA Bucknell
20%
IA Grinnell
20%
CA Harvey-Mudd
20%
MA Holy Cross
20%
AZ Northern Arizona
20%
CA Sacramento State
20%
NC UNC Greensboro
20%
NY | TN Union
20%
IL Bradley
19%
DC Catholic
19%
FL Florida Tech
19%
MI Michigan Tech
19%
FL North Florida
19%
NJ Seton Hall
19%
SC Wofford
19%
CA CSU Fullerton
18%
PA Dickinson
18%
SC Furman
18%
VT Middlebury
18%
MA Mount Holyoke
18%
CA Occidental
18%
OR Reed
18%
TN Rhodes
18%
CA Scripps
18%
NY Skidmore
18%
NY Barnard
17%
PA Bryn Mawr
17%
MN Carleton
17%
CA Chapman
17%
CO Colorado College
17%
CA Pitzer
17%
RI RISD
17%
TX UT Dallas
17%
VA Washington & Lee
17%
FL Embry–Riddle
16%
PA Gettysburg
16%
TN Middle Tennessee State
16%
NY Monroe
16%
IA Northern Iowa
16%
MA UMass Lowell
16%
NC UNC Wilmington
16%
VA Virginia Military
16%
MA Babson
15%
SC Citadel
15%
OH Denison
15%
FL Florida Gulf Coast
15%
IL Illinois Tech
15%
IN IUPUI
15%
MN Saint Olaf
15%
AL Samford
15%
MA Bentley
14%
NY Brooklyn
14%
WI Concordia
14%
PA Franklin & Marshall
14%
OH Kenyon
14%
GA Mercer
14%
OK Oral Roberts
14%
FL Stetson
14%
MD Towson
14%
NY Vassar
14%
IN Ball State
13%
MN Macalester
13%
PA Scranton
13%
TN Sewanee
13%
GA Spelman
13%
MA WPI
13%
NY Cooper Union
12%
WI Lawrence
12%
OR Lewis & Clark
12%
TN Lipscomb
12%
NY St. Bonaventure
12%
NJ Stevens Tech
12%
NY St. Lawrence
12%
NC Western Carolina
12%
IL Western Illinois
12%
TX Abilene Christian
11%
NY Baruch
11%
NY City College
11%
NM Eastern New Mexico
11%
MI Kalamazoo
11%
IL Lake Forest
11%
IA Loras
11%
FL New College
11%
CA Point Loma
11%
PA Slippery Rock
11%
MD | TX St. Mary's
11%
NY SUNY ESF
11%
IN Taylor
11%
WA Whitman
11%
MS Alcorn State
10%
SC Anderson
10%
SD Augustana
10%
CA Biola
10%
NY Clarkson
10%
CO Colorado Mines
10%
CT Connecticut College
10%
IN DePauw
10%
AR Hendrix
10%
MI Hope
10%
TN Johnson
10%
MN Minnesota State
10%
IL Moody Bible
10%
KY Murray State
10%
KY Northern Kentucky
10%
OH Oxford
10%
IN Rose-Hulman
10%
MI Wayne State
10%
WA Whitworth
10%
CA Azusa Pacific
9%
CA California Baptist
9%
MI Calvin
9%
CA CSU Long Beach
9%
TN East Tennessee State
9%
MI Grand Valley State
9%
IL Illinois Wesleyan
9%
TN Lincoln Memorial
9%
CA Mount St. Mary's
9%
PA Muhlenburg
9%
OK Oklahoma City
9%
MO Ozarks
9%
WA Seattle Pacific
9%
TX UT San Antonio
9%
OH Wooster
9%
OH Cedarville
8%
NM New Mexico Tech
8%
NJ Rowan
8%
MA Simmons
8%
TX Texas Women's
8%
MO UM Kansas City
8%
IN Wabash
8%
CA CSU Northridge
7%
IN Earlham
7%
VA Marymount
7%
AR Ouachita Baptist
7%
MO Rockhurst
7%
NJ Rutgers Camden
7%
NJ Rutgers–Newark
7%
TX Tarleton State
7%
TN UT Martin
7%
TX UT Rio Grande Valley
7%
FL West Florida
7%
CA Chico State
6%
NY D'Youville
6%
NY Hobart & William Smith
6%
LA Loyola New Orleans
6%
MT Montana Tech
6%
FL Nova Southeastern
6%
CA The Master's
6%
NE UN Omaha
6%
WA Western Washington
6%
MO Central Missouri
5%
NJ College of New Jersey
5%
FL Embry–Riddle Worldwide
5%
NY John Jay
5%
MS Mississippi College
5%
FL Rollins
5%
AL UAH
5%
AL West Alabama
5%
KY Berea
4%
KS Emporia State
4%
VA Hampden–Sydney
4%
AR Harding
4%
ND Minot State
4%
MS Mississippi Women
4%
NJ Montclair State
4%
KS Pittsburg State
4%
WA Puget Sound
4%
SD South Dakota Mines
4%
NY St. John Fisher
4%
MO Truman State
4%
LA UL Monroe
4%
TX UT Tyler
4%
IL Wheaton
4%
MI Andrews
3%
SC Bob Jones
3%
CO CU Denver
3%
OK East Central
3%
FL Florida College
3%
MN Gustavus Adolphus
3%
TX LaTourneau
3%
NY Lehman
3%
ME Maine Maritime
3%
MO Maryville
3%
MS Millsaps
3%
CA National
3%
ID Northwest Nazarene
3%
OH Ohio Northern
3%
WA Pacific Lutheran
3%
MD Salisbury
3%
RI Salve Regina
3%
IN St. Mary-of-the-Woods
3%
TX Texas A&M International
3%
MO UM St. Louis
3%
TX UT Permian Basin
3%
VA UVA Wise
3%
WI UW La Crosse
3%
TX West Texas A&M
3%
GA Agnes Scott
2%
AK Alaska Southeast
2%
NY Albany College
2%
TX Angelo State
2%
AZ ASU Downtown
2%
OH Baldwin Wallace
2%
MS Belhaven
2%
MN Bethany Lutheran
2%
SC Columbia International
2%
MN Concordia St. Paul
2%
CA CSU Stanislaus
2%
IA Decorah
2%
DE Dlaware
2%
IL Elmhurst
2%
MA Elms
2%
FL Everglades
2%
NY Fashion Tech
2%
TX Incarnate World
2%
IN Indiana East
2%
IN Indiana Kokomo
2%
IN Indiana Northwest
2%
MD Loyola Marlyand
2%
IN Marian
2%
PA Marywood
2%
MN Metropolitan State
2%
KS MidAmerica Nazarene
2%
NY Molloy
2%
MT Montana Western
2%
NE Nebraska Methodist
2%
OK Northeastern State
2%
PA Penn State Fayette
2%
PA Penn State York
2%
MT Salish Kootenai
2%
OK Southwestern Oklahoma State
2%
MN St. Catherine
2%
NY SUNY New Paltz
2%
TX UH Victoria
2%
MI UM Dearborn
2%
MN UMN–Crookston
2%
MN UMN Duluth
2%
NC UNCSA
2%
NE UN Kearney
2%
FL USF Saint Petersburg
2%
FL USF Sarasota
2%
WA UW Bothell
2%
WA UW Tacoma
2%
ND Valley City State
2%
CA Vanguard
2%
MS William Carey
2%
MO William Jewell
2%
NY AMDA
1%
N/A American Public
1%
IL Augustana Illinois
1%
GA Clayton State
1%
MN Concordia College
1%
IA Dordt
1%
KS Fort Hayes State
1%
TX Hallmark
1%
WA Heritage
1%
FL Keiser
1%
NC Meredith
1%
TN Milligan
1%
IL Northeastern Illinois
1%
IA Northwestern College
1%
VA Regent
1%
CA Stanbridge
1%
NY SUNY Farmingdale
1%
IL Trinity Christian
1%
NY Yeshivath Viznitz
1%
No matching quizzes found
Score Distribution
Percent of People with Each Score
Percentile by Number Answered
Your Score History
You have not taken this quiz